| 000 | 01070pam a2200289 a 4500 | ||
|---|---|---|---|
| 001 | 2961744 | ||
| 005 | 20170105102906.0 | ||
| 008 | 911008s1992 nyu b s001 0 eng | ||
| 010 | _a 91038857 | ||
| 020 | _a0791411915 (alk. paper) | ||
| 020 | _a0791411923 (pbk. : alk. paper) | ||
| 040 |
_aDLC _cDLC _dDLC |
||
| 050 | 0 | 0 |
_aB72 _b.W38 1992 |
| 082 | 0 | 0 |
_a100 _220 |
| 100 | 1 |
_aWatson, Stephen H., _d1951- |
|
| 245 | 1 | 0 |
_aExtensions : _bessays on interpretation, rationality, and the closure of modernism / _cStephen H. Watson. |
| 260 |
_aAlbany : _bState University of New York Press, _cc1992. |
||
| 300 |
_aviii, 347 p. ; _c24 cm. |
||
| 440 | 0 | _aSUNY series in contemporary continental philosophy | |
| 504 | _aIncludes bibliographical references (p. [261]-342) and index. | ||
| 650 | 0 | _aPhilosophy. | |
| 650 | 0 | _aHermeneutics. | |
| 650 | 0 | _aMethodology. | |
| 906 |
_a7 _bcbc _corignew _d1 _eocip _f19 _gy-gencatlg |
||
| 942 |
_2ddc _cBK |
||
| 999 |
_c14883 _d14883 |
||